Demokrasi nedir? (Record no. 45040)

MARC details
000 -LEADER
fixed length control field 00477cam a22002051 4500
001 - CONTROL NUMBER
control field ne 62000325
003 - CONTROL NUMBER IDENTIFIER
control field DLC
005 - DATE AND TIME OF LATEST TRANSACTION
control field 20260227111734.0
008 - FIXED-LENGTH DATA ELEMENTS--GENERAL INFORMATION
fixed length control field 950503s1947 tu 000 0 tur
010 ## - LIBRARY OF CONGRESS CONTROL NUMBER
LC control number ne 62000325
035 ## - SYSTEM CONTROL NUMBER
System control number (OCoLC)32412233
040 ## - CATALOGING SOURCE
Original cataloging agency DLC
Transcribing agency NNC
Modifying agency DLC
042 ## - AUTHENTICATION CODE
Authentication code premarc
050 00 - LIBRARY OF CONGRESS CALL NUMBER
Classification number JC433
Item number .R33
100 1# - MAIN ENTRY--PERSONAL NAME
Personal name Refik, Hâmid.
245 10 - TITLE STATEMENT
Title Demokrasi nedir?
260 ## - PUBLICATION, DISTRIBUTION, ETC.
Place of publication, distribution, etc. İstanbul,
Date of publication, distribution, etc. 1947.
300 ## - PHYSICAL DESCRIPTION
Extent 120 p.
Dimensions 20 cm.
650 #0 - SUBJECT ADDED ENTRY--TOPICAL TERM
Topical term or geographic name entry element Democracy.

No items available.

Powered by Koha